| 000 | 00555nam a2200193Ia 4500 | ||
|---|---|---|---|
| 005 | 20220310113223.0 | ||
| 008 | 210716s2008 xx 000 0 und d | ||
| 020 | _a9780198075943 | ||
| 040 | _cAIMIT LIBRARY | ||
| 041 | _aeng | ||
| 082 |
_a658.87 _22 _bSINP |
||
| 100 |
_aSinha, Piyush Kumar. _923283 |
||
| 245 |
_aManaging retailing / _cBy Piyush Kumar Sinha and Dwarika Prasad Uniyal. |
||
| 250 | _a2nd ed. | ||
| 260 |
_aNew Delhi : _bOxford University Press , _c2008. |
||
| 300 | _aXiv, 568p. ; | ||
| 650 |
_aRetailing _923284 |
||
| 942 |
_2ddc _cBK |
||
| 999 |
_c210106 _d210106 |
||